Macmillan english dictionary : for advanced learners /
Guardado en:
| Formato: | Libro |
|---|---|
| Publicado: |
Inglaterra :
Macmillan
|
| Materias: | |
| Etiquetas: |
Agregar Etiqueta
Sin Etiquetas, Sea el primero en etiquetar este registro!
|
| LEADER | 00498nam a22001815a 4500 | ||
|---|---|---|---|
| 001 | CEM.cems011067 | ||
| 005 | 20071129183929.0 | ||
| 008 | 130507b######################000#0#####d | ||
| 003 | CEMS | ||
| 020 | |a 0333957865 | ||
| 082 | 0 | 4 | |a C423 |
| 245 | 0 | 0 | |a Macmillan english dictionary : |b for advanced learners / |
| 260 | |a Inglaterra : |b Macmillan | ||
| 300 | |a 1692 p. | ||
| 653 | |a Ingles | ||
| 653 | |a Diccionarios | ||
| 653 | |a Ingles-diccionarios | ||
| 859 | |a CEMS |b BIB. CEMS - 11 de abril |h C423 |i M228 |p 21869.02 |t Ej.1 | ||
